000 00729nam a2200193Ia 4500
008 090201s9999 xx 000 0 und d
010 _aKPL-69811
020 _a81-7992-527-7
040 _bमराठी
041 _aमराठी
082 _a48287
_b69811
100 _aरॉबीन एस शर्मा
245 _aसंन्यासी ज्याने आपली संपत्ती विकली
_cरॉबीन एस शर्मा
250 _a1
260 _c2005
_bजयको पब्लिशिंग हाऊस
300 _a183
_bमध्यम
600 _aसंन्यासी ज्याने आपली संपत्ती विकली
942 _cBOOK
999 _c244938
_d244938